000 00605nam a2200265Ia 4500
005 20260306163751.0
008 008 260114s9999 xx 000 0 eng d
020 _a9781447317869
037 _aEBOOK
040 _aCRL
040 _beng
040 _cCRL
041 _2eng
041 _aeng
084 _qCRL
100 _aPowell, Scanlon
_91129316
245 0 _aDark Secrets Of Childhood
260 _bThe Policy Press
260 _c2016
650 _aSocial Work
856 _uhttps://academic.oup.com/book/29778
942 _cEBOOK
999 _c1711414
_d1711414